| 000 | 01289cam a22003374a 4500 | ||
|---|---|---|---|
| 001 | 14092389 | ||
| 003 | OSt | ||
| 005 | 20151014100429.0 | ||
| 008 | 050830s2007 caua b 001 0 eng | ||
| 010 | _a 2005025400 | ||
| 020 | _a0131985388 (alk. paper) | ||
| 020 | _a0131985396 (teacher's ed. : alk. paper) | ||
| 020 | _a013173461X (CDROM) | ||
| 040 |
_aDLC _cDLC _dDLC |
||
| 042 | _apcc | ||
| 050 | 0 | 0 |
_aQ161.2 _b.H482 2007 |
| 082 | 0 | 0 |
_a500.2 _222 |
| 100 | 1 | _aHewitt, Paul G. | |
| 245 | 1 | 0 |
_aConceptual physical science-- explorations / _cPaul G. Hewitt, John Suchocki, Leslie A. Hewitt ; with special editorial contributions from Suzanne Lyons. |
| 250 | _aMedia update. | ||
| 260 |
_aSan Francisco : _bAddison Wesley, _cc2007. |
||
| 300 |
_axxiii, 790 p. : _bill. (some col.) ; _c29 cm. + _e1 CD-ROM (4 3/4 in.) |
||
| 504 | _aIncludes bibliographical references and index. | ||
| 650 | 0 | _aPhysical sciences. | |
| 700 | 1 | _aSuchocki, John. | |
| 700 | 1 | _aHewitt, Leslie A. | |
| 856 | 4 | 1 |
_3Table of contents _uhttp://www.loc.gov/catdir/toc/ecip0518/2005025400.html |
| 906 |
_a7 _bcbc _corignew _d1 _eecip _f20 _gy-gencatlg |
||
| 942 |
_2lcc _cBK |
||
| 999 |
_c250587 _d250587 |
||